Modelovanie pravdepodobnosti defaultu

Na minha lista:
Detalhes bibliográficos
Autor principal: Kaderová, Andrea
Formato: Livro
Idioma:eslovaco
Publicado em: Bratislava Katedra matematiky FHI EU 2010
Assuntos:
Tags: Adicionar Tag
Sem tags, seja o primeiro a adicionar uma tag!

MARC

LEADER 00000nam$a2200000$$$4500
001 0112122
005 20240502072237.5
041 0 |a slo 
044 |a SK 
245 1 0 |a Modelovanie pravdepodobnosti defaultu  |c Andrea Kaderová 
264 1 |a Bratislava  |b Katedra matematiky FHI EU  |c 2010 
610 2 0 |a pravdepodobnosť 
610 2 0 |a modelovanie 
610 2 0 |a modely štruktúrne 
610 2 0 |a prognózy 
610 2 0 |a firmy 
610 2 0 |a aktíva 
610 2 0 |a hodnota 
610 2 0 |a dlžníci 
610 2 0 |a modely 
610 2 0 |a dáta 
100 1 |a Kaderová, Andrea